[Event "Turnier 40 / 120"]
[Site "Wien"]
[Date "2022.06.11"]
[Round "43"]
[White "Mephisto Magellan SH7034 - 20 MHZ"]
[Black "Mephisto Lyon 68020 - 12 MHZ"]
[Result "1/2-1/2"]
[BlackElo "2180"]
[WhiteElo "2231"]

{Analyse ------> Komodo 13.02.} 1. e4 Nf6 2. e5 Nd5 3. d4 d6 4. c4 Nb6 5.
exd6 cxd6 6. Be3 Bf5 7. Nc3 {Buchende} e6 8. Nf3 {Buchbewertung Mephisto
Magellan: +0,1} Be7 {Buchende} 9. Rc1 O-O {Buchbewertung Mephisto Lyon
68020: +0,03 / lt. Komodo steht Weiss etwas besser mit ca. +0,40} 10. Bd3
Bxd3 11. Qxd3 d5 12. cxd5 {weniger gut, besser ist sowohl b3 als auch c5,
nach dem Textzug ist die Stellung im Lot.} Nxd5 13. Qb5 Qb6 14. Qxb6 Nxb6
15. Ne4 Nc6 16. Ne5 Bb4+ 17. Ke2 Nxe5 18. dxe5 Nd5 19. h3 a5 20. Rhd1 a4
21. a3 Be7 22. g3 g6 23. Bc5 Bxc5 24. Nxc5 b5 25. f4 {die Stellung ist im
Lot, Komodo 0,00} Rfb8 26. Ne4 b4 27. Nc5 bxa3 28. bxa3 Rb2+ 29. Kf3 Rc8
30. Rd4 Rb5 31. Rdc4 Nb6 32. R4c3 Rd8 33. Ke4 Rd2 34. R3c2 Rxc2 35. Rxc2 h6
36. Kd4 h5 37. Nd3 Rd5+ 38. Ke4 Ra5 39. Rc7 Nd5 40. Rc4 Rb5 41. Kd4 Nb6???
{bis zu diesem Zeitpunkt eine absolut fehlerfreie Partie beider Geräte, wo
die Stellungsbewertung von Komodo 13.02 sich nur im Rahmen von +/- 0,50
bewegte, nach dem Textzug ist die Partie verloren für Schwarz, Komodo +2,30
mit der Fortsetzung Tb4} 42. Rc7??? {doch Mephisto Magellan verpasst auch
mit etwas Pech, die Gewinnmöglichkeit indem er den Textzug im letzten
Augenblick um +0,1 besser bewertet als den Gewinnzug Tb4, den er bis eine
Sekunde vor Ende der Berechnungen noch als besten Zug gesehen hatte, also
das ist Pech !!, die Stellung ist wieder Remis, Komodo 0,00} Rd5+ 43. Ke4
Rb5 44. Nb4 Nd5 45. Nxd5 exd5+ 46. Kd4 Rb2 47. Rc3 h4 48. g4 Rd2+ 49. Rd3
Rf2 50. Kxd5 Rxf4 51. e6 fxe6+ 52. Kxe6 Kg7 53. Ke5 Rf2 54. Rc3 Kh6 55. Rd3
Kg5 56. Ke4 Rb2 57. Rf3 Rb3??? {Also an dieser Stelle ist wohl beiden
Geräten eine Sicherung durchgebrannt, anders kann man das nicht bezeichnen,
auch Mephisto Magellan hatte diesen absoluten Schwachsinn vorgeschlagen,
Txb3, axb3, Kd3 und der A-Bauer wird zur Dame, also das ist ja auf diesem
ELO-Niveau einfach nicht zu fassen, Komodo -16,00} 58. Re3??? {also das
haut ja wohl dem Fass den Boden aus, und auch Mephisto Lyon 68020 hat
diesen Schwachsinn erwartet, also da fehlen einem einfach die Worte,
UNFASSBAR !!!!!!!!!!!!!!!!} Rb6 59. Ke5 Rb5+ 60. Ke4 Kf6 61. Kd4 Rb2 62.
Rf3+ Kg7 63. Ke4 Rg2 64. Rd3 Kh6 65. Rc3 Re2+ 66. Kf3 Re1 67. Rc4 Rf1+ 68.
Kg2 Re1 69. Rc3 Rb1 70. Kf2 Rb3 71. Rf3 Kg5 72. Ke2 Rb2+ 73. Kd3 Rg2 74.
Ke3 Rg1 75. Ke4 Rc1 {Remis, schade um die guten Leistungen bis zum
Endspiel, mit den dort gezeigten Leistungen mit den unfassbaren Zügen 57.
Tb3 ???? und 58. Te3 ???? verkommt diese Partie leider zu einer für dieses
ELO-Niveau inakzeptablen Vorstellung, eine wahres GRUSKABINETT der
schlimmsten Sorte.} 1/2-1/2
[/pgn]

[pgn]

[Event "Turnier 40 / 120"]
[Site "Wien"]
[Date "2022.06.12"]
[Round "44"]
[White "Mephisto Lyon 68020 - 12 MHZ"]
[Black "Mephisto Magellan SH7034 - 20 MHZ"]
[Result "0-1"]
[BlackElo "2231"]
[WhiteElo "2180"]

{Analyse -------> Komodo 13.02.} 1. d4 d5 2. c4 c5 3. cxd5 {Buchende} Qxd5
4. Nf3 {Buchbewertung Mephisto Lyon 68020: +0,27} cxd4 5. Nc3 Qa5
{Buchende} 6. Nxd4 e5 {Buchbewertung Mephisto Magellan: 0,0 / lt. Komodo
steht Weiss etwas besser mit ca. +0,50} 7. Nb3 Qb4? {deutlich schwächer als
Dc7, nach dem Textzug steht Weiss bereits klar besser, Komodo +1,10 mit der
Fortsetzung a3} 8. e4 {klar schwächer als a3, Komodo +0,80 für Weiss mit
der Fortsetzung Le6} Be6 9. Bg5? {ein schwacher Zug, danach ist die
Stellung wieder im Lot, Komodo 0,00, deutlich besser ist Lb5+} Nc6 10. Bb5
Be7 11. Bxe7? {deutlich schwächer als Ld2, nach dem Textzug steht Schwarz
bereits besser, Komodo +1,00} Nxe7 12. O-O O-O 13. Qc2 {auch hier gab es
für Weiss mit Lxc6 eine bessere Alternative} Nd4! {richtig} 14. Nxd4 exd4
15. Qa4 Qxb2 16. Ne2 a6 17. Bd3 Nc6 18. Rfb1 Qd2 19. Qa3 Ra7? {ein
schwacher Zug, danach ist der Grossteil des Vorteiles dahin, Komodo nur
noch +0,20 für Schwarz mit der Fortsetzung Tb2, nötig war Tfd8 mit klarem
Vorteil für Schwarz, der Bauer b7 darf danach natürlich nicht genommen
werden.} 20. Rb2 Qg5 21. f4 Qh4 22. Qc5 Rd8 {die Stellung ist im Lot,
Komodo 0,00} 23. Rab1 Bc8 24. e5 Qe7 25. Qc2 h6 26. Bh7+ Kh8 27. Be4 Bg4
28. Ng3 Be6 29. a4 a5 30. Nf5? {ein schwacher Zug, danach ist Schwarz klar
im Vorteil, Komodo +1,30 mit der Fortsetzung Lxf5, nötig war Df2 mit
leichtem Vorteil für Weiss} Bxf5 31. Bxf5 d3 32. Qf2 Raa8 {etwas besser ist
Ta6, Schwarz bleibt aber im Vorteil, Komodo +1,00} 33. Rd2 Qa3 34. Qe3 Nb4
35. Qf3 Rd5 36. Be4 Rd4 37. Bxb7 Rb8 38. Be4 Rbd8 39. f5? {ein schwacher
Zug, danach ist die Partie bereits verloren für Weiss, Komodo +3,30 mit der
Fortsetzung Dc3, mehr Widerstand bot noch Lf5, aber auch danach steht
Schwarz schon klar besser mit ca. +1,80} Qc3! 40. Rf2? {nochmal deutlich
schwächer als Tbd1, Komodo -5,00} Qc4! {richtig} 41. Bb7 d2 42. Rd1 Nd3 43.
Rff1 Rf4 {In dieser Partie macht Mephisto Magellan alles richtig, eine
starke Angriffsleistung, Komodo +9,00} 44. Qe3 Rxf1+ 45. Rxf1 Ne1 46. Bf3
Rd3 47. Qb6 Nxf3+ 48. gxf3 d1=R {ein Gag von Magellan er nimmt einen Turm}
49. Rxd1 Rxd1+ 50. Kg2 Qf4 51. Qf2 {Mephisto Lyon 68020: -10,1 ------->
aufgegeben ! / eine überrande Angriffspartie von Mephisto Magellan, der
hier seinem Gegner keine Chance lässt} 0-1
[/pgn]

[pgn]

[Event "Turnier 40 / 120"]
[Site "Wien"]
[Date "2022.06.13"]
[Round "45"]
[White "Mephisto Magellan SH7034 - 20 MHZ"]
[Black "Mephisto Lyon 68020 - 12 MHZ"]
[Result "1-0"]
[BlackElo "2180"]
[WhiteElo "2231"]

{Analyse ------> Komodo 13.02.} 1. d4 d5 2. c4 dxc4 3. e3 {Buchende} Nf6 4.
Bxc4 {Buchbewertung Mephisto Magellan: +0,1} e6 5. Nc3 c5 6. d5 exd5
{Buchbewertung Mephisto Lyon 68020: +0,03 / lt. Komodo ist die Stellung
etwa gleich} 7. Nxd5 Nc6 8. Ne2 Bg4 9. O-O Nxd5 10. Bxd5 Qd7 11. f3 Rd8 12.
Nf4 Be6 13. e4 Bd6 14. Nxe6 fxe6 15. Bxc6 Qxc6 16. Qe2 O-O 17. Bg5 Rd7 18.
Rad1 Be5 19. Rxd7 Qxd7 20. Rd1 Bd4+ 21. Kf1 Qc7 22. h3 Qe5 23. Bc1 b6 24.
f4??? {ein schwacher Zug, danach ist Schwarz klar im Vorteil, Komodo +1,00
mit der Fortsetzung g5, nötig war b3 mit Ausgleich (Mephisto Lyon 68020
hätte b3 erwartet)} g5! 25. g3 gxf4 26. gxf4 Kh8! 27. Ke1 Qg7 28. Qg4 Bxb2?
{damit verspielt Schwarz den gesamten Vorteil die Partie ist damit bereits
Remis, Komodo 0,00} 29. Qxg7+ Bxg7 30. Rd6 Bc3+ 31. Ke2 Re8 32. Rd7 Rg8 33.
Rxa7 Rg2+ 34. Kd1 Bd4 35. Rb7 c4 36. Rd7 Bc5 37. Bd2 Rg3 38. Kc2 Rxh3 39.
Rc7 Kg8 {trotz des gewonnenen Bauern für Schwarz ist die Stellung immer
noch im Lot, Komodo 0,00} 40. a4 Rh2 41. Kd1 e5? {besser ist Th1+ und die
Stellung bleibt exakt im Lot, nach dem Textzug ist Weiss im Vorteil, Komodo
+1,00 mit der Fortsetzung a5} 42. fxe5 {klar schwächer als a4, Komodo +0,30
für Weiss mit der Fortsetzung Th1+} Rh5??? {ein Verlustzug, danach ist die
Partie sofort verloren, Komodo +3,00 für Weiss mit der Fortsetzung a5} 43.
a5 Rxe5 44. a6 Re8 {etwas mehr Widerstand leistet noch b5} 45. a7 {Komodo
+5,00} Ra8 46. Bc3? {um ganze 3 Bauerneinheiten schwächer als Tb7, trotzdem
steht Weiss noch klar auf Gewinn, Komodo +3,60} Bf8? {deutlich mehr
Widerstand bot noch b5, Komodo -7,00} 47. Bd4 c3 48. Bxb6 Bg7 49. Rd7 c2+
50. Kxc2 Bf6 51. Kd3 Kf8 52. Bc5+ Kg8 53. Bd4 Bxd4 54. Kxd4 Kh8 55. Rb7 1-0
[/pgn]

[pgn]

[Event "Turnier 40 / 120"]
[Site "Wien"]
[Date "2022.06.14"]
[Round "46"]
[White "Mephisto Lyon 68020 - 12 MHZ"]
[Black "Mephisto Magellan SH7034 - 20 MHZ"]
[Result "0-1"]
[BlackElo "2231"]
[WhiteElo "2180"]

1. c4 c6 2. Nf3 d5 3. d4 e6 4. e3 {Buchende} Bd6 5. Nc3 Nf6 6. Bd3 {Buchzug
/ Buchende} dxc4 7. Bxc4 O-O 8. e4 {lt. Komodo steht Weiss klar besser,
+0,80} Bb4 9. Bd3 c5 10. a3 cxd4 11. axb4 dxc3 12. bxc3 Qc7 13. Ra3 e5 14.
O-O Rd8 15. Bg5 Qe7 16. Qe2 a6 17. Bc4 h6 18. Bxf6 Qxf6 19. Bd5 Nc6 20. b5
Ne7 21. c4 Ng6 22. Qb2 Qe7 23. Rfa1 Qc7 24. Qc3 Rb8 25. Rb3 Bg4 {klar
schwächer als axb5, Komodo +1,30 für Weiss} 26. bxa6 bxa6 27. Rxa6??? {ein
absoluter Verlustzug, um ganze 5 Bauerneinheiten !! schlechter als Txb8,
Komodo +4,00 für Schwarz mit der Fortsetzung Sf4} Nf4 28. Qc2 Bxf3 29.
gxf3??? {verliert forciert, Komodo +13,50 mit der Fortsetzung Dc8, mehr
Widerstand leistet noch Txf3, aber auch danach ist die Partie bereits
hoffnungslos für Weiss mit ca. -5,00} Qe7 {weit schwächer als Dc8, aber
natürlich steht Schwarz weiterhin klar auf Gewinn, Komodo +6,00} 30. Kf1
Qg5 31. Rxb8??? {es spielt zwar keine Rolle mehr, aber neuerlich um ganze 8
Bauerneinheiten !!! schlechter als Tb5, Komodo -14,00} Rxb8 32. Ra3 Qg2+
33. Ke1 Qg1+ 34. Kd2 Qxf2+ 35. Kd1 Qg1+ 36. Kd2 Qxh2+ 37. Kd1 Qg1+ 38. Kd2
Qf2+ 39. Kd1 Qf1+ 40. Kd2 Qe2+ 41. Kc1 Qe1+ 42. Qd1 Ne2+ 43. Kc2 Nd4+ 44.
Kc1 Rb1+ 45. Kxb1 Qxd1+ 46. Ka2 Qc2+ 47. Ka1 Nb3+ 48. Rxb3 Qxb3 0-1
[/pgn]

[pgn]

[Event "Turnier 40 / 120"]
[Site "Wien"]
[Date "2022.06.15"]
[Round "47"]
[White "Mephisto Magellan SH7034 - 20 MHZ"]
[Black "Mephisto Lyon 68020 - 12 MHZ"]
[Result "1/2-1/2"]
[BlackElo "2180"]
[WhiteElo "2231"]

{Analyse ------ > Komodo 13.02.} 1. f4 {Buchende nach einem Zug !} Nf6
{Buchende nach einem Zug !} 2. g3 {Buchbewertung Mephisto Magellan: -0,1}
Nc6 {Buchbewertung Mephisto Lyon 68020: +0,54 / lt. Komodo ist die Stellung
etwa gleich} 3. Bg2 d5 4. Nf3 Bf5 5. O-O e6 6. e3 Be7 7. b3 O-O 8. Ba3 Bxa3
9. Nxa3 Qe7 10. Nb5 Qc5 11. Nbd4 Nxd4 12. Nxd4 Be4 13. Bh3 Rae8 14. d3 Bg6
15. Qd2 e5 16. b4 Qd6 17. fxe5 Qxe5 18. Rae1 Qh5 19. Bg2 c6 20. Rf4 Re7 21.
c3 Rfe8 22. a4 Qg5? {ein schwacher Zug, danach ist Weiss klar im Vorteil,
Komodo +1,30 mit der Fortsetzung Sf3, deutlich besser ist De5 mit leichtem
Vorteil für Schwarz} 23. Nf3 Qh6 24. Nh4?? {ein ganz schwacher Zug, um
ganze 2 Bauerneinheiten !! schlechter als g4, damit steht Schwarz bereits
besser, Komodo +0,50 mit der Fortsetzung Sh5} Re5? {doch es ist eine
schwierige Stellung für beide Geräte und der Vorteil wechselt wieder die
Seite, Komodo +1,30 mit der Fortsetzung Sf3, das wäre allerdings eine
Stellungswiederholung und für Magellan somit 0,00} 25. a5 R5e7 {die
Stellung ist etwa gleich} 26. Bf3 Nh5 27. Nxg6 hxg6 28. Bxh5 gxh5 29. Qf2
h4 30. e4 hxg3 31. hxg3 Qg6 32. Rh4 dxe4 33. Qh2?? {ein schwacher Zug,
danach ist Schwarz klar im Vorteil, Komodo +1,00 mit der Fortsetzung f5,
nötig war Thxe4 und alles ist im Lot} f5! {klar} 34. dxe4 Rxe4 35. Rh8+ Kf7
36. Rxe8 Kxe8 37. Rxe4+ fxe4 38. Qh8+ {die Stellung ist bereits verloren
für Weiss, Komodo -2,00} Ke7??? {doch leider erkennt Mephisto Lyon 68020
nicht die Feinheiten dieser Stellung, dieser Zug verschenkt den Sieg,
Komodo 0,00 mit der Fortsetzung Db8, gewonnen hätte Kd7, was Magellan auch
vorgeschlagen hätte.} 39. Qb8 Qd6 40. Qxb7+ Kf6 41. Kg2? {ein schwieriges
Endspiel, nach diesem Zug ist Weiss wieder im Vorteil, nötig war Dxa7 und
es ist Remis, Komodo +1,00 mit der Fortsetzung Dd5} Qd5 42. Qa8??? {ein
absoluter Verlustzug, danach ist die Partie sofort verloren, Komodo +9,00
mit der Fortsetzung e3+, nötig war Kf2 und Kampf ist noch möglich für Weiss
mit ca. +1,30 für Schwarz} e3+ 43. Kg1 Qd1+ 44. Kg2 Qe2+ 45. Kh3 Qf1+ 46.
Kh2 e2??? {Mephisto Lyon 68020: +3,39, doch da irrt er leider, dieser Zug
verschenkt auf einen Schlag den Sieg, danach ist die Remis, Komodo 0,00,
gewonnen hätte Df2+ mit +5,00 für Schwarz} 47. Qxc6+ {Mephisto Magellan:
0,0 sieht bereits das Remis} Kg5 {Mephisto Lyon 68020: +2,54} 48. Qc5+ Kh6
49. Qe3+ g5 {Mephisto Lyon 68020: 0,00, gesteht das Remis ein} 50. Qe6+ Kg7
51. Qd7+ Kf6 52. Qd8+ Ke6 53. Qe8+??? {und nun verschenkt Magellan wieder
das Remis, nach diesem Zug ist die Partie verloren, Komodo -5,50 nötig war
Dc8+ und es ist Remis} Kd5 54. Qg8+ Ke4 55. Qc4+ Kf3! {Mephisto Lyon 68020
sieht den Gewinn +4,09, richtig, Komodo +8,00, Magellan hätte hier Ke5
erwartet, danach wäre es wieder Remis gewesen.} 56. Qd3+ Kf2 57. Qf5+ Ke3
58. Qe6+ Kd2 59. Qa2+ Kxc3 60. Qa3+ Kc4??? {dieses Endspiel ist voller
Tücken, dieser Zug verschenkt wieder den Sieg, danach ist die Partie wieder
Remis, Komodo 0,00, gewonnen hätte Kd4 mit +7,00 für Schwarz} 61. Qa2+ Kxb4
{Mephisto Lyon 68020: +6,00, doch da irrt er Komodo 0,00} 62. Qd2+
{Mephisto Magellan: -3,1 sieht auch kein Remis} Kc4 63. Qc2+ Kb5 64. Qd3+
Kxa5 65. Qd5+ Kb4 66. Qd4+ Kb3 67. Qd3+ Kb2 68. Qb5+ Kc3 69. Qc5+ Kd3 70.
Qd5+ Kc2 71. Qc6+ Kd2 72. Qd5+ Kc1 73. Qxg5+ Kc2 74. Qc5+ Kd3 75. Qd5+ Kc3
76. Qc5+ Kb3 77. Qb5+ Ka3 78. Qa5+ Kb2 79. Qb5+ Kc3 80. Qc5+ Kd2 81. Qd4+
Kc1 82. Qc3+ Kd1 83. Qd4+ Kc2 84. Qc5+ Kd1 85. Qd4+ Ke1 86. Qa1+ Kf2 87.
Qd4+ Ke1 88. Qc3+ Kf2 89. Qd4+ Ke1 {Stellungswiederholung} 1/2-1/2
[/pgn]

[pgn]

[Event "Turnier 40 / 120"]
[Site "Wien"]
[Date "2022.06.17"]
[Round "48"]
[White "Mephisto Lyon 68020 - 12 MHZ"]
[Black "Mephisto Magellan SH7034 - 20 MHZ"]
[Result "1-0"]
[BlackElo "2231"]
[WhiteElo "2180"]

{Analyse ------> Komodo 13.02.} 1. e4 c5 2. Nf3 d6 3. d4 cxd4 4. Nxd4 Nf6
5. Nc3 a6 6. Bg5 e6 7. f4 Be7 8. Qf3 Qc7 9. O-O-O Nbd7 10. Bd3 b5 11. Rhe1
Bb7 {Buchende} 12. Qg3 b4 {Buchbewertung Mephisto Magellan: -0,5} 13. Nd5
exd5 14. e5 dxe5 15. fxe5 Nh5 16. e6 Nxg3 17. exf7+ Kxf7 18. Rxe7+ Kg8 19.
hxg3 Qxg3 20. Ne6 Qe5 21. Rf1? {ein nicht idealer Buchzug, danach steht
Schwarz klar besser, Komodo +0,90 mit der Fortsetzung Sf8, deutlich besser
ist Lh4} b3? {dieser Zug bringt allerdings keinerlei Vorteil für Schwarz,
Komodo 0,00} 22. axb3 {Buchbewertung Mephisto Lyon 68020: -2,69 sieht die
Eröffnung als Katastrophe, in Wahrheit ist die Stellung exakt im Lot,
Komodo 0,00 mit der Fortsetzung Sf8} Nc5?? {ein schwacher Zug, danach ist
Weiss bereits klar im Vorteil, Komodo +1,00 mit der Fortsetzung Lf5} 23.
Bf5 Nxb3+??? {dieser absurde Zug ist eine Groteske und verliert die Partie
sofort, Komodo -4,00 nötig war Sxe6 mit ca. +1,00 für Weiss (auch Mephisto
Lyon 68020 hatte diesen Schwachsinn erwartet, das hilft allerdings Magellan
auch nichts), wofür wird hier der Springer geopfert ??? also das ist mit
sinnvollen Worten nicht zu beschreiben ????????????} 24. cxb3 Rc8+ 25. Kb1
h6 26. Nxg7 Qxe7 27. Bxe7 Rc7 28. Bf6 Rxg7 29. Be6+ Kh7 30. Bxg7 Kxg7 31.
Rf7+ {an dieser Stelle beende ich dieses Trauerspiel, eine ABSURDE Partie
der allerschlimmsten Sorte, wie man sie auch nicht allzu oft miterleben
muss, ein Beispiel, das schonungslos die Grenzen von Mephisto Magellan
aufzeigt, eine GROTESKE !!!!!} 1-0
[/pgn]

[pgn]

[Event "Turnier 40 / 120"]
[Site "Wien"]
[Date "2022.06.17"]
[Round "49"]
[White "Mephisto Magellan SH7034 - 20 MHZ"]
[Black "Mephisto Lyon 68020 - 12 MHZ"]
[Result "1-0"]
[BlackElo "2180"]
[WhiteElo "2231"]

{Analyse -----> Komodo 13.02.} 1. b4 d5 {Buchende nach 1 Zug} 2. e3 Nf6
{Buchbewertung Mephisto Lyon 68020: +0,42} 3. d4 {Buchbewertung Mephisto
Magellan: 0,0 / lt. Komodo steht Schwarz etwas besser mit ca. +0,30} Bg4 4.
Qd3 {klar schwächer als f3} c6 5. h3 Bh5 6. Qb3 Nbd7 7. Bb2 e6 8. Nd2 Bd6
9. c4 Bg6 {die Stellung ist im Lot, Komodo 0,00} 10. Ngf3 O-O 11. Be2 Ne4
12. O-O Nxd2 13. Nxd2 Qg5 14. Rfc1 Bf5 15. Nf3 Qg6? {weniger gut, danach
ist Weiss etwas im Vorteil, Komodo +0,80 mit der Fortsetzung Sh4, deutlich
besser dxc4 und die Stellung ist exakt im Lot.} 16. Nh4 Qf6 17. Nxf5 Qxf5
18. b5 Rfd8 {klar schwächer als dxc4, Komodo +1,50 für Weiss mit der
Fortsetzung c5} 19. cxd5 cxd5 20. Ba3 Nf6? {deutlich besser ist Lb8 oder
Lxa3, nach dem Textzug ist die Partie praktisch schon verloren, Komodo
-2,00} 21. Bxd6 Rxd6 22. Rc7 Rd7 23. Rac1 Rxc7 24. Rxc7 Ne4 {deutlich
schwächer als b6, Komodo -2,50} 25. f3 Ng3 26. Bd3 Qg5 27. Qc3 g6 28. f4
Qh5 29. Qe1 Ne4 30. Rxb7 {die Stellung ist klar gewonnen für Weiss, Komodo
+3,70} Nd6 31. Rd7 Nc8??? {ein Katastrophenzug, danach ist endgültig alles
vorbei, Komodo +14,00 mit der Fortsetzung Td8+, deutlich mehr Wíderstand
bot noch Se8 mit ca. +4,00 für Weiss, aber natürlich verliert auch das
schon klar.} 32. Be2 Qf5 33. Rd8+ Kg7 34. Qb4 Qe4 35. Qf8+ {Komodo Matt in
12} Kf6 36. Kf2 Nb6 37. g4 h6 {Mephisto Lyon 68020: -12,3 -------->
aufgegeben !} 1-0
[/pgn]
[pgn]

[Event "Turnier 40 / 120"]
[Site "Wien"]
[Date "2022.06.18"]
[Round "50"]
[White "Mephisto Lyon 68020 - 12 MHZ"]
[Black "Mephisto Magellan SH7034 - 20 MHZ"]
[Result "1/2-1/2"]
[BlackElo "2231"]
[WhiteElo "2180"]

{Analyse --------> Komodo 13.02.} 1. e4 Nf6 2. e5 Nd5 3. d4 d6 4. Nf3 Bg4
5. Be2 c6 {Buchende} 6. Ng5 {Buchende} Bxe2 {Buchbewertung Mephisto
Magellan: -0,2} 7. Qxe2 {Buchbewertung Mephisto Lyon 68020: -0,06 / lt.
Komodo steht Weiss etwas besser mit ca. +0,60} dxe5 8. dxe5 e6 9. O-O Qc7
10. c4 Nb6 11. Bf4 N8d7 12. Nc3 {nach mehrerer kleineren Ungenauigkeiten
seitens Schwarz steht Weiss bereits klar besser, Komodo +1,30} h6? {klar
schwächer als Le7, nach dem Textzug ist die Partie praktisch schon verloren
für Schwarz, Komodo +1,80 mit der Fortsetzung Sge4, allerdings nur nach den
Massstäben von Komodo 13.02, die beiden Kontrahenten sehen die Stellung
noch etwa ausgeglichen} 13. Nf3? {klar schwächer als Sge4, Komodo +1,20}
Be7 14. Rad1 O-O 15. b3 Rfd8 16. Rd2? {klar schwächer als Se4, damit
verspielt Weiss den gesamten Vorteil, Komodo 0,00} Bb4 17. Qe3 Nc5 18. Rd4
Rd7 19. Rfd1 Rad8 20. h3 Rxd4 21. Nxd4 a6 22. Nde2? {ein schwacher Zug,
danach steht Schwarz klar besser, Komodo +1,00 mit der Fortsetzung Txd1,
nach Dg3 wäre die Stellung im Lot gewesen.} Rxd1+ 23. Nxd1 Qd8 24. Nb2 Ba3
{deutlich schwächer als g5, danach ist Schwarz nur noch knapp im Vorteil
mit ca. +0,40} 25. f3 {deutlich schwächer als Kh2, Komodo -1,10} Nc8 26.
Kh2 b5? {ein schwacher Zug, danach ist Schwarz nur noch hauchdünn im
Vorteil mit ca. +0,20, klaren Vorteil versprach g5 mit ca. +1,30} 27. cxb5
{auch nicht gerade das Gelbe vom Ei, Komodo +0,90 für Schwarz, deutlich
besser ist Dc3} axb5 28. Qc3 Nb6 29. Bc1 Nd5 30. Qd4 Qa5 31. Bd2 Qa8 32.
Nc1 {deutlich besser ist Sd1, nach dem Textzug ist Schwarz klar im Vorteil,
Komodo +1,30 mit der Fortsetzung Sd7} Nd7 33. Nbd3 Qb8? {ein schwacher Zug,
danach ist praktisch der gesamte Vorteil weg, Komodo +0,20 für Schwarz mit
der Fortsetzung b4, nötig war c5 mit klarem Vorteil für Schwarz} 34. b4
N7b6 35. Nb3 Nc4 36. Be1 Qc7 37. Nbc5 {besser ist f4} Nce3 38. Qe4 Nc2 39.
Bd2? {deutlich schwächer als Sb3, Komodo +1,80 für Schwarz mit der
Fortsetzung De7} Qe7 40. Qg4 Kh8 41. Na6 c5? {ein schlechter Zug, der einen
Grossteil des Vorteiles abgibt, Komodo nur noch +0,70 für Schwarz, nötig
war Da7 mit bereits entscheidendem Vorteil mit ca. +2,00 für Schwarz} 42.
Naxc5? {deutlich besser ist bxc5, Komodo +1,30 für Schwarz mit der
Fortsetzung Lxb4} Bxb4 43. Bxb4 Ncxb4 44. Nxb4 Qxc5 45. Nxd5 Qxd5 46. Qb4
Qxe5+ 47. f4 Qc7? {kein guter Zug, ermöglicht Weiss einen weit entfernten
Freibauern, deutlich besser ist Df5, Komodo +1,00 für Schwarz} 48. h4
{besser ist natürlich Dxb5 und Weiss hat den angesprochenen Freibauern,
Komodo -1,40} f6?? {verschenkt den Sieg, danach ist die Partie bereits
Remis, Komodo 0,00, nötig war natürlich Dd7, um den weissen Freibauern zu
verhindern, dieses Motiv wird aber anscheinend von beiden Geräten nicht
wahrgenommen.} 49. Kg3? {wie gehabt verzichtet Mephisto Lyon 68020 auf die
Möglichkeit des Freibauern, Dxb5 wurde nicht mal ernsthaft in Erwegung
gezogen, sondern ganz rasch übergangen.} Qd7 50. Qc5 Qd5??? {verschenkt den
Sieg, danach ist die Partie Remis Komodo 0,00, nötig war entweder Kh7 oder
Dd3+ mit klarem Vorteil für Schwarz} 51. Qxd5! {richtig damit ist es Remis}
exd5 52. Kf3 Kg8 53. Ke3 Kf7 54. Kd4 Ke6 55. Kc5 d4??? {ein totales
Blackout, danach ist die Partie sofort verloren, Komodo -7,00, nötig war g5
und es ist Remis} 56. Kxd4 Kd6 57. h5 Kc6 58. g3 Kd6 59. g4??? {aber leider
ist auch für Mephisto Lyon 68020 dieses simple aussehende Bauernendspiel
undurchschaubar, dieser Zug ist um ganze 8 Bauerneinheiten !!! schlechter
als f5 und verschenkt den Sieg, Komodo 0,00} Kc6 60. Ke4 Kd6 61. Kf5 Ke7
62. g5 hxg5 63. fxg5 fxg5 64. Kxg5 Kf8 65. Kf4 Kg8 66. Kg4 Kh7 1/2-1/2
[/pgn]